000 00413nam a2200157Ia 4500
003 GCL
008 140319s9999 xx 000 0 eng d
040 _aGCL /
_cGCL
082 0 4 _a914.1
_bW C
100 1 _aWINTER, GORDON
245 1 0 _aTHE COUNTRY LIFE PICTURE BOOK OF BRITAIN /
_cWINTER, GORDON
260 _a[S.N] :
_bCOUNTRY LIFE BOOKS ،
_c1978
300 _a127 P
650 0 4 _aGEOGRAPHY
942 _2ddc
_cBK
999 _c24191
_d24191